000
00319nam a2200133Ia 4500
005
20251222142004.0
008
251222s9999||||xx |||||||||||||| ||spa||
020
_a
2-213-00008-5
082
_a
276.7/G91
100
_a
Guittón, Jean
245
0
_a
Écrire comme on se sovient
264
_b
Artheme Fayard
942
_c
LIB
999
_c
10113
_d
10113